[Event "Sharjah Rapid op"]
[Site "Sharjah"]
[Date "2021.04.30"]
[Round "7.13"]
[White "Nagoor, Khani Rawther Abumo"]
[Black "Sultan, Ibrahim"]
[Result "0-1"]
[WhiteElo "1426"]
[BlackElo "2076"]
[PlyCount "46"]
[EventDate "2021.04.29"]
[EventType "swiss (rapid)"]
[EventRounds "9"]
[EventCountry "UAE"]
[SourceTitle "CBM 202 Extra"]
[Source "ChessBase"]
[SourceDate "2021.07.31"]
[SourceVersion "1"]
[SourceVersionDate "2021.07.31"]
[SourceQuality "1"]

1. d4 d5 2. Nf3 c5 3. e3 Nc6 4. Be2 Nf6 5. Nc3 cxd4 6. exd4 Bf5 7. a3 e6 8. Bg5 Be7 9. 0-0 h6 10. Bh4 0-0 11. Bg3 Rc8 12. Ne5 a6 13. Re1 b5 14. Na2 Nxe5 15. dxe5 Bxc2 16. Qd2 Ne4 17. Qe3 Bc5 18. Qf3 Nd2 19. Qg4 Bf5 20. Qf4 Ne4 21. h3 g5 22. Qf3 Bd4 23. Qb3 Qb6 0-1

[Event "Sharjah Rapid op"]
[Site "Sharjah"]
[Date "2021.04.29"]
[Round "4.13"]
[White "Adhami, Hesham"]
[Black "Nagoor, Khani Rawther Abumo"]
[Result "1/2-1/2"]
[WhiteElo "2013"]
[BlackElo "1426"]
[PlyCount "48"]
[EventDate "2021.04.29"]
[EventType "swiss (rapid)"]
[EventRounds "9"]
[EventCountry "UAE"]
[SourceTitle "CBM 202 Extra"]
[Source "ChessBase"]
[SourceDate "2021.07.31"]
[SourceVersion "1"]
[SourceVersionDate "2021.07.31"]
[SourceQuality "1"]

1. c4 e5 2. g3 Nc6 3. Bg2 g6 4. Nc3 Bg7 5. e4 d6 6. Nge2 Be6 7. d3 Qd7 8. Be3 Bh3 9. 0-0 h5 10. f4 Bxg2 11. Kxg2 h4 12. f5 hxg3 13. Nxg3 0-0-0 14. Nd5 Nf6 15. Bg5 Nxd5 16. cxd5 Ne7 17. Rc1 gxf5 18. Nxf5 Nxf5 19. Rxf5 Rdg8 20. Kh1 Bh6 21. Bxh6 Rxh6 22. Qf3 Rgh8 23. Rc2 Qa4 24. b3 Qd4 1/2-1/2

[Event "Sharjah Ramadan op rapid"]
[Site "Sharjah"]
[Date "2019.05.15"]
[Round "8"]
[White "Elazazy, Amro"]
[Black "Nagoor, Khani Rawther Abumo"]
[Result "1-0"]
[WhiteElo "2080"]
[BlackElo "1424"]
[PlyCount "88"]
[EventDate "2019.05.13"]
[EventType "swiss (rapid)"]
[EventRounds "9"]
[EventCountry "UAE"]
[SourceTitle "CBM 190 Extra"]
[Source "ChessBase"]
[SourceDate "2019.07.15"]
[SourceVersion "1"]
[SourceVersionDate "2019.07.15"]
[SourceQuality "1"]

1. c4 e5 2. Nc3 Nf6 3. g3 c6 4. Bg2 d5 5. cxd5 cxd5 6. Qb3 e4 7. d3 Be7 8. dxe4 dxe4 9. Nxe4 Nxe4 10. Bxe4 Nc6 11. Bg2 0-0 12. Nf3 Qb6 13. Qa4 Bf6 14. 0-0 Be6 15. Bg5 Qb4 16. Qxb4 Nxb4 17. Bxf6 gxf6 18. a3 Nc6 19. e3 Rfd8 20. Rfd1 Rxd1+ 21. Rxd1 Rd8 22. Rxd8+ Nxd8 23. Nd4 Kf8 24. Kf1 Ke7 25. Ke2 b5 26. b4 Kd6 27. Nxb5+ Ke5 28. f4+ Kf5 29. Bh3+ Ke4 30. Bxe6 fxe6 31. Nxa7 Kd5 32. Kd3 f5 33. Nb5 Nc6 34. Nc3+ Kd6 35. b5 Na5 36. e4 Kc5 37. exf5 exf5 38. a4 Nc4 39. h3 Nb2+ 40. Kc2 Nc4 41. Kb3 Nd2+ 42. Ka2 Kb4 43. b6 Nc4 44. b7 Kc5 1-0

[Event "Sharjah Ramadan op rapid"]
[Site "Sharjah"]
[Date "2019.05.13"]
[Round "2"]
[White "Khademalsharieh, Sarasadat"]
[Black "Nagoor, Khani Rawther Abumo"]
[Result "1-0"]
[WhiteElo "2474"]
[BlackElo "1424"]
[PlyCount "73"]
[EventDate "2019.05.13"]
[EventType "swiss (rapid)"]
[EventRounds "9"]
[EventCountry "UAE"]
[SourceTitle "CBM 190 Extra"]
[Source "ChessBase"]
[SourceDate "2019.07.15"]
[SourceVersion "1"]
[SourceVersionDate "2019.07.15"]
[SourceQuality "1"]

1. d4 d5 2. c4 c6 3. Nf3 Nf6 4. e3 e6 5. b3 Be7 6. Bd3 Nbd7 7. 0-0 0-0 8. Bb2 Re8 9. Nc3 Nf8 10. Ne5 Ng6 11. f4 Bd7 12. Qf3 Qc7 13. Rac1 Qa5 14. g4 Rad8 15. g5 Ne4 16. Nxe4 dxe4 17. Bxe4 Qxa2 18. Ba1 Qa5 19. h4 Rf8 20. Bc3 Qc7 21. Be1 c5 22. Nxd7 Rxd7 23. h5 Nh8 24. d5 exd5 25. cxd5 b5 26. Bc3 f5 27. Bd3 a6 28. e4 fxe4 29. Qxe4 g6 30. Qe6+ Rf7 31. hxg6 hxg6 32. Rc2 Bf8 33. Rh2 Bg7 34. Qe8+ Rf8 35. Qe6+ Rff7 36. Bxg7 Kxg7 37. Qh3 1-0